| 000 | 01057cam a2200313 i 4500 | ||
|---|---|---|---|
| 001 | 25725 | ||
| 003 | Mx-PuUPA | ||
| 005 | 20250707153400.0 | ||
| 008 | 140415s1974 sp gr 000 0 spa d | ||
| 017 | _aB. 26.200-1974 | ||
| 020 |
_a8425409X _qempastado |
||
| 040 |
_aMx-PuUPA _bspa _cMx-PuUPA _dMx-PuUPA _erda |
||
| 041 | 0 | _aspa | |
| 100 | 1 |
_aColomer, Eusebi, _d1923 or 1924-1997 _eautor _917202 |
|
| 245 | 1 | 0 |
_aHombre y Dios al encuentro : _bantropología y teología en Teilhard de Chardin / _cEusebi Colomer |
| 264 | 1 |
_aBarcelona, España : _bEditorial Herder, _c1974 |
|
| 300 |
_a477 páginas ; _c22 cm |
||
| 336 |
_2rdacontent _atexto _btxt |
||
| 337 |
_2rdamedia _asin medio _bn |
||
| 338 |
_2rdacarrier _avolumen _bnc |
||
| 490 | 0 | _aBiblioteca Herder | |
| 490 | 0 |
_aSección de teología y filosofía ; _v143 |
|
| 600 |
_aTeilhard de Chardin, Pierre 1881-1955 _xCritica e interpretación |
||
| 650 | 7 |
_2armarc _aSeres humanos |
|
| 942 |
_2ddc _cLI _h194 _iC68 |
||
| 999 |
_c25725 _d25725 |
||